| 000 | 00683nam a2200229 a 4500 | ||
|---|---|---|---|
| 001 | 18669 | ||
| 003 | CO-ViMGA | ||
| 008 | 141112s2004 ck r 000 u spa d | ||
| 020 | _a980251084X | ||
| 040 |
_aCO-ViMGA _bspa _cCO-ViMGA |
||
| 082 | 0 | 4 | _a371.8974 F734t |
| 100 | 1 |
_aFreinet, Celestin _926589 |
|
| 245 | 1 | 0 | _aEl texto libre . El periodico escolar |
| 260 |
_aCaracas (Venezuela), _cLaboratorio educativo |
||
| 300 | _a143.p. | ||
| 590 | _aForma de adquisición : Premio - Mincultura | ||
| 650 | 1 | 4 |
_aARTE DE ESCRIBIR _922899 |
| 650 | 1 | 4 |
_aMETODOS DE ENSEÑANZA _94790 |
| 650 | 1 | 4 |
_aPERIODISMO ESTUDIANTIL _926590 |
| 650 | 1 | 4 |
_aREDACCION DE ESCRITOS _926591 |
| 942 |
_2ddc _cBK |
||
| 999 |
_c27919 _d27919 |
||